Miếng nhớ miếng thương

Đã lưu trong:
Sonraí Bibleagrafaíochta
Príomhúdar: Phương Trung Vũ Tam Huề
Formáid: Leabhar
Teanga:Undetermined
Foilsithe: H. Thanh Niên 2004
Ábhair:
Clibeanna: Cuir Clib Leis
Gan Chlibeanna, Bí ar an gcéad duine leis an taifead seo a chlibeáil!
Thư viện lưu trữ: Trung tâm Học liệu Trường Đại học Cần Thơ
LEADER 00566nam a2200205Ia 4500
001 CTU_59309
008 210402s9999 xx 000 0 und d
020 |b 22000 
082 |a 895.92284 
082 |b Ph561 
100 |a Phương Trung Vũ Tam Huề 
245 0 |a Miếng nhớ miếng thương 
245 0 |c Phương Trung Vũ Tam Huề 
260 |a H. 
260 |b Thanh Niên 
260 |c 2004 
650 |a vietnamese literature 
650 |z 21th century 
904 |i Minh 
980 |a Trung tâm Học liệu Trường Đại học Cần Thơ